[Event "Chojnice op-A 2nd"]
[Site "Chojnice"]
[Date "2006.??.??"]
[Round "3"]
[White "Ferens, Leszek"]
[Black "Dobrowolski, Jacek"]
[Result "1-0"]
[WhiteElo "2026"]
[BlackElo "1800"]
[PlyCount "50"]
[EventDate "2006.07.??"]
[EventType "swiss"]
[EventRounds "9"]
[EventCountry "POL"]
[SourceTitle "EXT 2007"]
[Source "ChessBase"]
[SourceDate "2006.11.23"]
[SourceVersion "1"]
[SourceVersionDate "2006.11.23"]
[SourceQuality "1"]

1. d4 Nf6 2. c4 e6 3. Nc3 d5 4. Bg5 c6 5. e3 Nbd7 6. a3 dxc4 7. Bxc4 Bd6 8. Nf3 0-0 9. 0-0 Qc7 10. e4 e5 11. d5 a6 12. dxc6 bxc6 13. Qc2 Be7 14. Rfc1 Nb6 15. Bb3 Bb7 16. Bxf6 Bxf6 17. Nd5 Nxd5 18. Bxd5 Rfc8 19. Qa4 c5 20. Qc4 Bxd5 21. Qxd5 Qc6 22. Qxc6 Rxc6 23. h4 Re8 24. Rc2 g6 25. Rd1 c4 1-0